000 00620nam a2200193Ia 4500
003 GCL
008 140319s9999 xx 000 0 ara d
040 _aGCL /
_cGCL
082 0 4 _a321.8042
_bف ع
100 1 _aفؤاد اسحق الخورى
245 1 0 _aالعسكر والحكم فى البلدان العربية /
_cفؤاد اسحق الخورى
260 _a[S.N] :
_bدار الساقى ،
_c1990
300 _a119 ص
490 _aبحوث اجتماعية
_v0
650 0 4 _aالعسكرية
650 0 4 _aالحكومة العسكرية
650 0 4 _aالاحتلال العسكرى
942 _2ddc
_cBK
999 _c53473
_d53473